000 00919cam a22002774a 4500
001 12742166
003 OSt
005 20170213123304.0
008 020416s2003 nyu b 001 0 eng
010 _a 2002067402
020 _a0521819334
020 _a0521796539
040 _aDLC
_cDLC
_dDLC
042 _apcc
082 _aW50
_bG59 2003
100 1 _aGoodman, Kenneth W.,
_910286
245 1 0 _aEthics and Evidence-based Medicine :
_bfallibility and responsibility in clinical science
260 _bCambridge University Press,
_c2003.
300 _axii, 168 p. ;
_c24 cm.
_bcol.ill:
504 _aIncludes bibliographical references and index.
650 0 _aMedical ethics.
_91970
650 0 _aEthics
_92743
856 4 2 _3Contributor biographical information
_uhttp://www.loc.gov/catdir/enhancements/fy0731/2002067402-b.html
906 _a7
_bcbc
_corignew
_d1
_eocip
_f20
_gy-gencatlg
942 _2z
_cO_SHELF
999 _c4779
_d4779